000 nam a22 7a 4500
999 _c8581
_d8581
008 180118b ||||| |||| 00| 0 eng d
100 _aNIIT
_94963
245 _aThe Computer
260 _aNew delhi
_bNIIT
_c2009